000 00336nam a22001337a 4500
008 171106b xxu||||| |||| 00| 0 eng d
020 _a9780471056010
041 _aeng
080 _24 ED
_a330.722.6
100 _a61
101 _aKON
245 _aINTERBATIONAL ACCOTUING AND MULTINATIONAL ENTERPRIES
_cGRAY.S.J
942 _2udc
_cBK
999 _c37758
_d37758